Click the Movie Title Ending #10 - with Numbers - Statistics

General Stats
  • This quiz has been taken 459 times
  • The average score is 10 of 15
Answer Stats
Hint Answer % Correct
101 Dalmatians
96%
2001 A Space Odyssey
88%
365 Days
85%
21 Jump Street
78%
50 First Dates
74%
8 Mile
74%
12 Angry Men
73%
3 Men and a Baby
73%
17 Again
68%
16 Candles
68%
27 Dresses
65%
300 Rise of an Empire
63%
7 Years in Tibet
54%
47 Ronin
42%
10 Years
37%
No matching quizzes found
Score Distribution
Percent of People with Each Score
Percentile by Number Answered
Your Score History
You have not taken this quiz